|
|
|
|
| LEADER |
01952nam a22003497a 4500 |
| 001 |
38402 |
| 003 |
BD-DhAAL |
| 005 |
20220417122332.0 |
| 008 |
220417t2021 nyua|||| |||| 001 0 eng d |
| 999 |
|
|
|c 44005
|d 44005
|
| 020 |
|
|
|a 9781260575491
|
| 020 |
|
|
|a 1260575497
|
| 040 |
|
|
|a BD-DhAAL
|d BD-DhAAL
|
| 082 |
|
|
|2 23
|a 333.7
|
| 100 |
|
|
|a Field, Barry C.
|9 48065
|
| 245 |
|
|
|a Environmental economics :
|b an introduction /
|c Barry C. Field and Martha K. Field.
|
| 250 |
|
|
|a Eight edition
|
| 260 |
|
|
|a New York, NY :
|b McGraw-Hill,
|c c2021
|
| 300 |
|
|
|a xxii, 442 pages :
|b illustrations ;
|c 23 cm.
|
| 500 |
|
|
|a Includes index.
|
| 526 |
|
|
|a ESS
|
| 541 |
|
|
|a Karim International
|e 38402
|
| 650 |
|
|
|a Environmental economics.
|9 48066
|
| 650 |
|
|
|a Economic development
|x Environmental aspects.
|9 48067
|
| 700 |
|
|
|a Field, Martha K.
|9 48068
|
| 852 |
|
|
|a Ayesha Abed Library
|c General Stacks
|
| 942 |
|
|
|2 ddc
|c BK
|
| 952 |
|
|
|0 0
|1 0
|2 ddc
|4 0
|6 333_700000000000000_FIE
|7 0
|9 70431
|a BRACUL
|b BRACUL
|c GEN
|d 2022-04-07
|e Karim International
|g 4590.00
|l 1
|m 30
|o 333.7 FIE
|p 3010038406
|r 2025-09-17
|s 2024-11-03
|t 5
|v 4590.00
|w 2022-04-07
|y BK
|
| 952 |
|
|
|0 0
|1 0
|2 ddc
|4 0
|6 333_700000000000000_FIE
|7 0
|9 70432
|a BRACUL
|b BRACUL
|c GEN
|d 2022-04-07
|e Karim International
|g 4590.00
|l 2
|m 9
|o 333.7 FIE
|p 3010038403
|q 2026-06-02
|r 2026-04-09
|s 2026-04-09
|t 2
|v 4590.00
|w 2022-04-07
|y BK
|
| 952 |
|
|
|0 0
|1 0
|2 ddc
|4 0
|6 333_700000000000000_FIE
|7 0
|9 70433
|a BRACUL
|b BRACUL
|c GEN
|d 2022-04-07
|e Karim International
|g 4590.00
|l 0
|o 333.7 FIE
|p 3010038405
|r 2022-04-07
|t 4
|v 4590.00
|w 2022-04-07
|y BK
|
| 952 |
|
|
|0 0
|1 0
|2 ddc
|4 0
|6 333_700000000000000_FIE
|7 0
|9 70434
|a BRACUL
|b BRACUL
|c GEN
|d 2022-04-07
|e Karim International
|g 4590.00
|l 2
|m 21
|o 333.7 FIE
|p 3010038402
|q 2025-11-10
|r 2025-03-12
|s 2025-03-12
|t 1
|v 4590.00
|w 2022-04-07
|y BK
|
| 952 |
|
|
|0 0
|1 0
|2 ddc
|4 0
|6 333_700000000000000_FIE
|7 0
|9 70435
|a BRACUL
|b BRACUL
|c GEN
|d 2022-04-07
|e Karim International
|g 4590.00
|l 1
|m 2
|o 333.7 FIE
|p 3010038404
|r 2025-07-21
|s 2025-07-07
|t 3
|v 4590.00
|w 2022-04-07
|y BK
|